mysqli: Table './ulib62015/stat_globaluid' is marked as crashed and should be repaired
select id from stat_globaluid where statuid='20260517120110_3722'
mysqli: Table './ulib62015/stat_globaluid' is marked as crashed and should be repaired
DELETE FROM stat_globaluid
WHERE id NOT IN (
SELECT id
FROM (
SELECT id
FROM stat_globaluid
ORDER BY id DESC
LIMIT 100
) foo
);
mysqli: Table './ulib62015/stat_globaluid' is marked as crashed and should be repaired
insert into stat_globaluid set
statuid='20260517120110_3722',
dt='1778994070',
phpself='/ULIB62015/dublinfull.php',
agent='Mozilla/5.0 AppleWebKit/537.36 (KHTML, like Gecko; compatible; ClaudeBot/1.0; +claudebot@anthropic.com)',
yea='2026',
mon='5',
dat='17',
ip='216.73.216.45'
mysqli: Table './ulib62015/stathist_viewbib_bib_type' is marked as crashed and should be repaired
insert into stathist_viewbib_bib_type set
dat='17' ,
mon='05' ,
yea='2026' ,
statuid='20260517120110_3722' ,
head='13399122683' ,
foot='marc' ,
dt='1778994070'
LEADER : 00000nam 2200000uu 4500
001 13399122683
003 ULIB
008 200531s2015||||th 000 0 eng d
020 ^a9783131708212
060 04 ^aWN208^bI61 2015
245 10 ^aInterventional ultrasound :^ba practical guide and atlas /^c[edited by] Christoph F. Dietrich, Dieter Nuernberg ;^ctranslator, Terry C. Telger ;^cillustrator, Helmut Holtermann
260 ^aStuttgart :^bGeorg Thieme,^cc2015.
300 ^axxvi, 378 pages :^billustrations ;^c27 cm.
504 ^aIncludes bibliographical references and index